000 00774cam a22002773a 4500
001 837
003 PGUSA
005 20140828082953.0
008 970301s1997||||xxu|||||s|||||000 1 eng d
040 _aPGUSA
_beng
042 _adc
050 4 _aPZ
050 4 _aPR
100 1 _aNesbit, E.
_q(Edith),
_d1858-1924
245 1 4 _aThe Story of the Amulet
_h[electronic resource] /
_cE. Nesbit
260 _bProject Gutenberg,
_c1997
506 _aPublic domain in the USA.
516 _aElectronic text
653 _aBrothers and sisters -- Juvenile fiction
653 _aEngland -- Juvenile fiction
653 _aFantasy
653 _aWishes -- Juvenile fiction
830 0 _aProject Gutenberg
_v837
856 4 0 _uhttp://www.gutenberg.org/ebooks/837
942 _cEB
999 _c230188
_d230188